00795nam a2200253 a 4500001001300000003000900013005001700022008004100039020001000080082001300090100002300103245004300126260004800169300000900217500003500226505001300261650001700274700002300291902000800314942000700322952009800329952009900427999001500526nice12345678IN_TiNIC20260116012601.0050524s1930 laha grp 000 0 urd  ac10000a232bIMA aImad-Ud-Din, Lahaz aHaqiqi Irfanb The True Understanding. aLahorebPunjab Religious Booksociety c1930 a125p aincludes index and biblioraphy2 aAppendix aJesus Christ1 aImad-Ud-Din, Lahaz bSRS cBK 00104070aHMIbHMIcGENd0000-00-00g100.00l0o232 IMAp9823r0000-00-00w2026-01-16yARB 00104070aHMIbHMIcGENd0000-00-00g100.00l0o232 IMAp11630r0000-00-00w2026-01-16yARB c7545d7545